ნორმალური ფორმატი
MARC ფორმატი
ჩანაწერი Corporate Name
ჩანაწერთა რაოდენობა, რომელიც გამოყენებულია: 1
001 - CONTROL NUMBER
- control field: 14654
003 - CONTROL NUMBER IDENTIFIER
- control field: GE_BSU
005 - DATE AND TIME OF LATEST TRANSACTION
- control field: 20220921103228.0
008 - FIXED-LENGTH DATA ELEMENTS
- fixed length control field: 220921|| aca||aabn | a|a d
040 ## - CATALOGING SOURCE
- Original cataloging agency: GE_BSU
- Transcribing agency: GE_BSU
110 ## - HEADING--CORPORATE NAME
- Corporate name or jurisdiction name as entry element: Shota Rustaveli State University
670 ## - SOURCE DATA FOUND
- Source citation: Work cat.: (GE_BSU)41017: Dvalidze,Nino Shavladze,Tea 14652, A Lecture-Course in Stylistics :
